1397 1841 1055 1574 1246 1705 1064 1162 1563 1349 1610 1063 1220 1106 1807 1954 1420 1240 1651 1796 1207 1569 1318 1378 1728 1967 1668 1563 1968 1463 1532 1979 1210 1427 1033 1759 1723 1514 1058 1923 1619 1123 1919 1176 1355 1661 1054 1839 1858 1125 1488 1132 1211 1252 1538 1055 1063 1445 1865 1868 1259 1106 1167 1579 1210 1916 1588 1910 1695 1069 1336 1390 1303 1381 1456 1387 1777 1029 1438 1969 1312 1347 1933 1701 1419 1861 1895 1155 1085 1366 1785 1256 1247 1506 1894 1334 1359 1106 1938 BCNSPRNW ULIB Ver.6.0+V

เปลี่ยนเป็นภาษาไทย

Change to English
 แสดงรายละเอียดบรรณานุกรม
  กลับหน้าหลัก

Brief Record : Get Marc (ISO 2709) : E-mail record : QR code < ปิดหน้าต่าง
LEADER : 00000nam 2200000uu 4500
001    13399110777
003     ULIB
008    110609s2552||||th 000 0 tha d
020    9789744141149
041 1  tha^heng
050  4 BF431^bว886อ 2552
100 1  วูเจค, ทอม
245 10 อัจฉริยะฉลาดคิด =^bFive star mind /^cTom Wujec ;อมราลักษณ์ คลธา, แปล
246 24 อัจฉริยะฉลาดคิด :วิธีพัฒนาทักษะการคิดสร้างสรรค์ในตัวคุณให้ถึงขีดสุด
246 31 Five star mind
250    พิมพ์ครั้งที่ 1
260    กรุงเทพฯ :^bเอ็กซเปอร์เน็ท,^c2552
300    305 หน้า :^bภาพประกอบ ;^c21 ซม.
650  7 เกม
650  7 ความคิดสร้างสรรค์
700 1  Wujec, Tom
700 0  อมราลักษณ์ ดลธา,^eผู้แปล
945    ^p220^l0^i18256
995    กัณชพร
999    ^aใช้งานได้ทุกระบบ
รายการนี้ยังไม่มีแท็ก
คุณยังไม่ได้ล็อกอิน คุณสามารถมีกิจกรรมร่วมกับเว็บไซต์ได้ แต่ต้องล็อกอินก่อน ::
  ล็อกอิน

รายการสื่อสารสนเทศ

ลำดับที่ ประเภท เลขเรียก/บาร์โค้ด สถานที่ สถานะ
- ไม่พบข้อมูล -

รายการใกล้เคียง
    ผู้แต่ง [วูเจค, ทอม]

    หัวเรื่อง [เกม]
    หัวเรื่อง [ความคิดสร้างสรรค์]

BibComment


ยังไม่เคยถูกคอมเมนท์

คอมเมนท์ทรัพยากรรายการนี้
  คอมเมนท์: อัจฉริยะฉลาดคิด ..


 Copyright 2026. Bcnsprnw @Library